[Event "Sydney International Open"]
[Site "*"]
[Date "2007.04.14"]
[Round "8.8"]
[White "Garbett, Paul"]
[Black "Solomon, Stephen J"]
[Result "0-1"]
[WhiteElo "2313"]
[BlackElo "2430"]
[PlyCount "90"]
[EventDate "2007.??.??"]

1. d4 d5 2. Nf3 c6 3. e3 Bf5 4. Nbd2 e6 5. c4 Nd7 6. Be2 Bd6 7. Qb3 b6 8. Bd3
Bxd3 9. Qxd3 f5 10. b3 Ngf6 11. Bb2 Ne4 12. O-O O-O 13. Rac1 Rc8 14. Rc2 g5 15.
Rfc1 Qf6 16. cxd5 exd5 17. Ne5 Nxe5 18. dxe5 Bxe5 19. Bxe5 Qxe5 20. Nf3 Qd6 21.
Qa6 c5 22. Rd1 Rc7 23. Nd2 Qe6 24. Qe2 h6 25. h3 Rd7 26. Nxe4 fxe4 27. Rcd2
Rfd8 28. Qg4 Qxg4 29. hxg4 Kf7 30. Kf1 d4 31. f3 Ke6 32. Ke2 Ke5 33. Rh1 Rd6
34. f4+ Kd5 35. g3 b5 36. Ke1 d3 37. Rdh2 c4 38. bxc4+ bxc4 39. Kd2 Rb8 40.
Rxh6 Rb2+ 41. Kc3 Rc2+ 42. Kb4 Rxh6 43. Rxh6 d2 44. Rh8 Rb2+ 45. Ka3 Rb6 0-1

[Event "Sydney International Open"]
[Site "*"]
[Date "2007.04.14"]
[Round "8.10"]
[White "Toth, Andras"]
[Black "Ayvazyan, Armen"]
[Result "1-0"]
[WhiteElo "2408"]
[BlackElo "2241"]
[PlyCount "59"]

1. e4 c5 2. Nf3 Nc6 3. d4 cxd4 4. Nxd4 Nf6 5. Nc3 d6 6. Bg5 e6 7. Qd2 a6 8.
O-O-O Bd7 9. f3 Qc7 10. Kb1 b5 11. Bxb5 axb5 12. Ndxb5 Qb8 13. Nxd6+ Bxd6 14.
Qxd6 Qxd6 15. Rxd6 Ke7 16. Rhd1 Rhd8 17. b3 Be8 18. Rxd8 Rxd8 19. Rxd8 Kxd8 20.
a4 h6 21. Be3 Bd7 22. Kb2 Bc8 23. Bb6+ Kd7 24. Nd1 Ne8 25. c4 Ne5 26. Kc3 Nd6
27. Bd4 f6 28. Bxe5 fxe5 29. b4 Kc6 30. Nb2 1-0

[Event "Sydney International Open"]
[Site "*"]
[Date "2007.04.14"]
[Round "8.13"]
[White "Shipov, Sergei"]
[Black "Bernardino, Almario Marlon"]
[Result "0-1"]
[WhiteElo "2592"]
[BlackElo "2146"]
[PlyCount "64"]

1. d4 d5 2. c4 c6 3. Nc3 Nf6 4. Nf3 e6 5. e3 Bd6 6. Bd3 O-O 7. O-O Nbd7 8. e4
dxe4 9. Nxe4 Nxe4 10. Bxe4 Nf6 11. Bc2 b6 12. Bg5 Bb7 13. Qd3 g6 14. Rad1 Be7
15. Qe3 Qc7 16. Qe5 Qd8 17. Rfe1 Re8 18. h4 Rc8 19. Qe3 Nh5 20. c5 Ng7 21. g4
h5 22. Ne5 f6 23. Bxf6 Bxf6 24. Qh6 Bxe5 25. dxe5 Qxh4 26. Bxg6 Qxg4+ 27. Kf1
Ba6+ 28. Rd3 Bxd3+ 29. Bxd3 Nf5 30. Bxf5 exf5 31. e6 Qc4+ 32. Kg1 Re7 0-1

[Event "Sydney International Open"]
[Site "*"]
[Date "2007.04.14"]
[Round "8.14"]
[White "Smerdon, David C"]
[Black "Broekhuyse, Paul"]
[Result "1-0"]
[WhiteElo "2456"]
[BlackElo "2137"]
[PlyCount "83"]

1. d4 Nf6 2. Bg5 e6 3. e4 h6 4. Bxf6 Qxf6 5. Qd2 d5 6. Nc3 dxe4 7. Nxe4 Qd8 8.
Nf3 Be7 9. O-O-O b6 10. Bb5+ c6 11. Bd3 Nd7 12. Qc3 Bb7 13. Ne5 Qc7 14. f4 Nxe5
15. fxe5 O-O-O 16. Rhf1 Rhf8 17. b4 c5 18. Nd6+ Bxd6 19. exd6 Qxd6 20. dxc5 Qd4
21. Qxd4 Rxd4 22. c6 Rxb4 23. cxb7+ Kxb7 24. Bg6 Rg4 25. Rxf7+ Rxf7 26. Bxf7
Rxg2 27. Bxe6 Rxh2 28. Rd7+ Kc6 29. Rxg7 a5 30. Rg6 Kc5 31. Bd7 b5 32. Rc6+ Kb4
33. Kb2 a4 34. a3+ Ka5 35. Bc8 b4 36. Rc5+ Kb6 37. axb4 h5 38. Bd7 h4 39. Bxa4
Rf2 40. Rc6+ Kb7 41. Rh6 Rf4 42. Kb3 1-0

[Event "Sydney International Open"]
[Site "*"]
[Date "2007.04.14"]
[Round "8.15"]
[White "Wallis, Christopher"]
[Black "Ansell, Simon"]
[Result "1/2-1/2"]
[WhiteElo "2178"]
[BlackElo "2402"]
[PlyCount "114"]

1. e4 c5 2. Nf3 Nc6 3. Bb5 e6 4. Bxc6 bxc6 5. d3 Qc7 6. e5 Ne7 7. Qe2 Ng6 8. h4
f6 9. exf6 gxf6 10. h5 Nf4 11. Qe4 Nd5 12. Qh4 d6 13. a3 Qf7 14. Nbd2 Rg8 15.
g3 e5 16. Qa4 Qc7 17. Nc4 Rg4 18. Rh4 Nb6 19. Qa5 d5 20. Ne3 Rg8 21. b3 Be6 22.
a4 O-O-O 23. Ba3 d4 24. Nc4 Nxc4 25. Qxc7+ Kxc7 26. bxc4 Be7 27. Nd2 f5 28. Rh1
e4 29. Nb3 Rb8 30. Nxc5 Bxc5 31. Bxc5 exd3 32. cxd3 Rb3 33. O-O-O f4 34. Bxd4
fxg3 35. fxg3 Kd7 36. Be5 Bg4 37. Rd2 Re8 38. Bf4 Be2 39. Kc2 Ra3 40. Rh2 Bg4
41. Kb2 Rxa4 42. Kb3 Ra5 43. Ra2 Rxa2 44. Rxa2 Ra8 45. Ra5 Ke8 46. Kc3 Bf3 47.
Kd4 a6 48. Ke3 Bg4 49. d4 Kd7 50. Rg5 Re8+ 51. Be5 Be6 52. Kd3 Rg8 53. Rxg8
Bxg8 54. g4 Be6 55. g5 Bg4 56. g6 Bxh5 57. gxh7 Bg6+ 1/2-1/2

[Event "Sydney International Open"]
[Site "*"]
[Date "2007.04.14"]
[Round "8.17"]
[White "Repplinger, Marc"]
[Black "Zvedeniouk, Ilia"]
[Result "1/2-1/2"]
[WhiteElo "2239"]
[BlackElo "2121"]
[PlyCount "95"]

1. d4 e6 2. c4 Nf6 3. Nf3 d5 4. g3 dxc4 5. Bg2 c5 6. Qa4+ Bd7 7. Qxc4 Bc6 8.
dxc5 Nbd7 9. Nc3 Bxc5 10. Bg5 Rc8 11. Qb3 h6 12. Bxf6 Qxf6 13. O-O O-O 14. Rac1
a6 15. Ne1 Bxg2 16. Kxg2 b5 17. Nd3 Ba7 18. a4 Rb8 19. axb5 axb5 20. Ne4 Qd4
21. Qb4 Ne5 22. Nec5 Qd5+ 23. Kg1 Rfc8 24. Qf4 Ng6 25. Qb4 Ne5 26. Qf4 Ng6 27.
Qe3 b4 28. Rc2 Ne7 29. g4 Nc6 30. Rfc1 Nd4 31. Rc4 Nb3 32. Nf4 Qg5 33. Qxb3
Rxc5 34. Rxc5 Bxc5 35. Qf3 Bd6 36. Nd3 h5 37. h3 hxg4 38. hxg4 g6 39. Rc4 Kg7
40. Qe4 Qf6 41. Qd4 Qxd4 42. Rxd4 Be7 43. b3 Kf8 44. Kg2 Rc8 45. Nxb4 Rb8 46.
Nc6 Rxb3 47. Rd7 Bf6 48. e3 1/2-1/2

[Event "Sydney International Open"]
[Site "*"]
[Date "2007.04.14"]
[Round "8.21"]
[White "Pyke, Malcolm L"]
[Black "Zirdum, Ivan"]
[Result "1-0"]
[WhiteElo "2235"]
[BlackElo "2061"]
[PlyCount "83"]

1. Nf3 Nf6 2. c4 c5 3. Nc3 Nc6 4. g3 g6 5. Bg2 Bg7 6. O-O O-O 7. d4 d6 8. dxc5
dxc5 9. Bf4 Be6 10. b3 a6 11. Ne5 Na5 12. Rc1 Nh5 13. Nd3 Qc8 14. Na4 Nxf4 15.
Nxf4 Rb8 16. Qd2 Qc7 17. Nxe6 fxe6 18. Qe3 b6 19. Qxe6+ Kh8 20. Nc3 Rf6 21. Qh3
e6 22. Ne4 Rf5 23. e3 Qe7 24. g4 Rff8 25. f4 Rbd8 26. Rcd1 Nb7 27. Ng5 Bf6 28.
Qxh7+ Qxh7 29. Nxh7 Kxh7 30. Bxb7 g5 31. f5 exf5 32. Rxd8 Rxd8 33. Rxf5 Kg7 34.
Bd5 Re8 35. Kf2 Rh8 36. Kg2 Re8 37. e4 Re5 38. Kf3 a5 39. h3 Kg6 40. h4 Kg7 41.
hxg5 Rxf5+ 42. gxf5 1-0

[Event "Sydney International Open"]
[Site "*"]
[Date "2007.04.14"]
[Round "8.22"]
[White "Camer, Angelito"]
[Black "Lin, Zhigen Wilson"]
[Result "0-1"]
[WhiteElo "2028"]
[BlackElo "2189"]
[PlyCount "60"]

1. d4 d5 2. Nf3 Nf6 3. e3 c5 4. c4 cxd4 5. exd4 e6 6. Nc3 Bb4 7. a3 Bxc3+ 8.
bxc3 dxc4 9. Bxc4 Qc7 10. Qe2 Nbd7 11. O-O O-O 12. Bd2 b6 13. Bd3 Bb7 14. Rfe1
Rac8 15. a4 Nd5 16. Bb5 N7f6 17. Ba6 Nxc3 18. Bxc3 Bxa6 19. Qxa6 Qxc3 20. Qxa7
Nd5 21. Qa6 h6 22. Qb5 Rc4 23. Rad1 Rb4 24. Qd7 Qc2 25. Ra1 Nf4 26. Ne5 Ne2+
27. Kh1 Rxd4 28. Rxe2 Qc3 29. Rb1 Rxd7 30. Nxd7 Qd3 0-1

[Event "Sydney International Open"]
[Site "*"]
[Date "2007.04.14"]
[Round "8.23"]
[White "Chokshi, Manthan"]
[Black "Hu, Jason"]
[Result "0-1"]
[WhiteElo "2168"]
[BlackElo "2038"]
[PlyCount "172"]

1. e4 c6 2. Nc3 d5 3. Nf3 Nf6 4. Qe2 d4 5. e5 dxc3 6. exf6 cxd2+ 7. Bxd2 gxf6
8. O-O-O Qc7 9. Bc3 Bg4 10. Qe3 Nd7 11. Bc4 h5 12. Kb1 Bh6 13. Qe2 Bf4 14. h3
Bxf3 15. Qxf3 Be5 16. Rhe1 Bxc3 17. Qxc3 Ne5 18. Bb3 Rd8 19. Rxd8+ Qxd8 20. f4
Nd7 21. Qc4 Rh7 22. Qd3 Qa5 23. c3 Rg7 24. Qd6 Qd8 25. Qd1 Rh7 26. Qd4 a6 27.
Qa7 Qc7 28. Qe3 Nf8 29. Qd4 Rh6 30. Qc4 e6 31. Qd4 c5 32. Qa4+ Nd7 33. f5 e5
34. Qf4 Rh8 35. Qg3 c4 36. Qg7 Rf8 37. Bd1 h4 38. Qh6 Ke7 39. Qxh4 b5 40. Bc2
Qc5 41. Rd1 b4 42. cxb4 Qxb4 43. Qe1 Rb8 44. Qxb4+ Rxb4 45. Kc1 Rb8 46. Rd5 Rg8
47. Be4 Rg3 48. Kd2 Nb6 49. Ra5 c3+ 50. Kc2 cxb2 51. Rxa6 Nc4 52. Ra4 Nd6 53.
Kxb2 Nxe4 54. Rxe4 Rxg2+ 55. Kb1 Rg1+ 56. Kc2 Rg2+ 57. Kb1 Rf2 58. a4 Rxf5 59.
a5 Rf3 60. Kb2 Rxh3 61. a6 Rh8 62. Kb3 Ra8 63. Ra4 f5 64. Kc4 Ke6 65. a7 f4 66.
Kc5 Kf5 67. Kd5 f6 68. Ra3 Kg4 69. Ke4 Kg5 70. Ra6 Kg6 71. Ra3 Kg5 72. Ra6 Kg4
73. Ra3 f5+ 74. Kxe5 f3 75. Ra4+ Kg3 76. Kxf5 f2 77. Rg4+ Kf3 78. Rf4+ Ke2 79.
Re4+ Kd3 80. Rf4 Rxa7 81. Kg4 Rg7+ 82. Kh3 Ke2 83. Kh2 f1=Q 84. Re4+ Kd1 85.
Rd4+ Kc1 86. Rd1+ Qxd1 0-1

[Event "Sydney International Open"]
[Site "*"]
[Date "2007.04.14"]
[Round "8.24"]
[White "Atzmon-Simon, Barak"]
[Black "Vlietstra, Marc"]
[Result "0-1"]
[WhiteElo "2157"]
[BlackElo "2022"]
[PlyCount "122"]

1. f4 e5 2. fxe5 d6 3. exd6 Bxd6 4. Nf3 g5 5. g3 g4 6. Nh4 f5 7. d4 f4 8. Qd3
Qe7 9. Nc3 c6 10. Bd2 Na6 11. Ne4 Bc7 12. a3 Be6 13. Bg2 O-O-O 14. b4 Nf6 15.
Nxf6 Qxf6 16. O-O Rxd4 17. Bc3 Be5 18. Bxd4 Bxd4+ 19. Kh1 Bxa1 20. Rxf4 Qd8 21.
Qe3 Nc7 22. c3 Bb2 23. Rd4 Bd5 24. Qd2 Qf6 25. e4 Bxc3 26. Qxc3 Nb5 27. Qc1
Nxd4 28. exd5 Ne2 29. Qb1 Rd8 30. Nf5 Nc3 31. Qc2 Nxd5 32. h3 h5 33. b5 Ne7 34.
Nxe7+ Qxe7 35. bxc6 gxh3 36. Bxh3+ Kb8 37. Bg2 Rc8 38. Qb3 b6 39. Qd5 Qc7 40.
Be4 Rd8 41. Qxh5 Qxg3 42. Bg2 Rg8 43. c7+ Qxc7 44. Qf3 Rh8+ 45. Kg1 Qc5+ 46.
Qf2 Qxf2+ 47. Kxf2 Rh2 48. Kg3 Rxg2+ 49. Kxg2 Kb7 50. Kf2 Kc6 51. a4 Kc5 52. a5
b5 53. Ke3 Kb4 54. a6 Kc5 55. Ke4 Kc4 56. Ke5 b4 57. Kd6 Kb5 58. Kc7 Kxa6 59.
Kc8 b3 60. Kb8 b2 61. Ka8 Kb6 0-1

[Event "Sydney International Open"]
[Site "*"]
[Date "2007.04.14"]
[Round "8.25"]
[White "Ikeda, Junta"]
[Black "Mendes da Costa, Alex"]
[Result "1/2-1/2"]
[WhiteElo "2154"]
[BlackElo "2017"]
[PlyCount "120"]

1. Nf3 Nf6 2. b3 d5 3. Bb2 e6 4. g3 c5 5. Bg2 Nc6 6. e3 Bd6 7. d3 e5 8. Nbd2
Be6 9. a3 O-O 10. Qe2 a6 11. O-O b5 12. Ng5 Bd7 13. e4 d4 14. Ngf3 Qc8 15. Kh1
Bg4 16. Rg1 Na5 17. c3 dxc3 18. Bxc3 Nc6 19. Qf1 Nh5 20. Nh4 Nd4 21. f3 Be6 22.
Rc1 Qd7 23. Qd1 g6 24. Qe1 Be7 25. Qf2 Bxh4 26. gxh4 Nf4 27. Bf1 a5 28. Bb2 Qd6
29. h5 Nxh5 30. a4 bxa4 31. bxa4 Rfb8 32. Ba3 Rc8 33. Qh4 Nf4 34. Qf6 Rc6 35.
Rb1 Rb8 36. Rxb8+ Qxb8 37. Rg5 Bg4 38. Qxe5 Qxe5 39. Rxe5 Bxf3+ 40. Nxf3 Nxf3
41. Rxc5 Rb6 42. Rb5 Rc6 43. Bc5 Nd2 44. Be3 Rc1 45. h4 Rxf1+ 46. Kh2 Rf3 47.
Bxd2 Rf2+ 48. Kg3 Rxd2 49. Kxf4 Rxd3 50. Rxa5 h5 51. e5 Kg7 52. Ra7 Rd4+ 53.
Ke3 Rd1 54. Kf2 Rd2+ 55. Kf3 Rd3+ 56. Ke4 Rd1 57. a5 Rh1 58. Kd5 Rd1+ 59. Kc6
Re1 60. Kd6 Rd1+ 1/2-1/2

[Event "Sydney International Open"]
[Site "*"]
[Date "2007.04.14"]
[Round "8.26"]
[White "Dunlop, Gordon"]
[Black "Caoili, Arianne B"]
[Result "0-1"]
[WhiteElo "1859"]
[BlackElo "2153"]
[PlyCount "68"]

1. e4 e5 2. Nf3 Nc6 3. Bb5 a6 4. Bxc6 dxc6 5. d4 exd4 6. Qxd4 Qxd4 7. Nxd4 c5
8. Ne2 Bd7 9. Nbc3 O-O-O 10. Be3 Bd6 11. O-O-O Ne7 12. f4 f6 13. h3 Rhe8 14. e5
Nf5 15. exd6 Nxe3 16. dxc7 Kxc7 17. Rd2 Bc6 18. Rg1 Rxd2 19. Kxd2 Nxg2 20. b3
Re7 21. a4 b6 22. Nd1 Nh4 23. Rf1 Bg2 24. Rf2 Bxh3 25. Ne3 Rd7+ 26. Ke1 Nf5 27.
Nc4 Bg4 28. Nc3 Kc6 29. Rg2 h5 30. Ne2 b5 31. axb5+ axb5 32. Nb2 Ne3 33. Rg3
Nxc2+ 34. Kf2 Rd2 0-1

[Event "Sydney International Open"]
[Site "*"]
[Date "2007.04.14"]
[Round "8.29"]
[White "Lazarus, Benjamin"]
[Black "Stojic, Svetozar"]
[Result "1-0"]
[WhiteElo "2140"]
[BlackElo "1991"]
[PlyCount "83"]

1. e4 c5 2. Nf3 d6 3. d4 cxd4 4. Nxd4 Nf6 5. Nc3 g6 6. Be3 Bg7 7. f3 O-O 8. Qd2
Nc6 9. Bc4 Bd7 10. O-O-O Rc8 11. Bb3 Ne5 12. Kb1 Re8 13. h4 h5 14. Bh6 Bh8 15.
g4 Nc4 16. Qd3 Qc7 17. gxh5 Nxh5 18. Rhg1 Kh7 19. Bc1 a5 20. Rg5 Ne5 21. Qe3
Bg7 22. f4 Ng4 23. Qe2 Rf8 24. f5 a4 25. Bxf7 Nhf6 26. fxg6+ Kh8 27. Nf5 Bxf5
28. exf5 Qb6 29. Nxa4 Qb4 30. Bb3 d5 31. a3 Qa5 32. Rxg4 b5 33. Rb4 bxa4 34.
Rxa4 Qc5 35. h5 Ne4 36. Rxe4 dxe4 37. h6 Bf6 38. g7+ Bxg7 39. hxg7+ Kxg7 40.
Qg2+ Kf6 41. Qg6+ Ke5 42. Qe6# 1-0

[Event "Sydney International Open"]
[Site "*"]
[Date "2007.04.14"]
[Round "8.30"]
[White "Bennett, Hilton"]
[Black "Zulfic, Fedja"]
[Result "0-1"]
[WhiteElo "2134"]
[BlackElo "1895"]
[PlyCount "65"]

1. e4 c5 2. Nc3 g6 3. f4 Bg7 4. Nf3 Nc6 5. a3 e6 6. b4 cxb4 7. axb4 Nxb4 8. Ba3
Nc6 9. e5 Nge7 10. Ne4 h6 11. Nd6+ Kf8 12. g3 Kg8 13. Bg2 Nf5 14. Nxf5 exf5 15.
O-O Kh7 16. d4 Bf8 17. d5 Bxa3 18. Rxa3 Qb6+ 19. Kh1 Nd8 20. d6 Ne6 21. Qd3 a6
22. c4 Rb8 23. Rb1 Qa7 24. Qc3 b6 25. Rab3 Bb7 26. Qe3 Be4 27. Ra1 Rhc8 28.
Rba3 Rxc4 29. Rxa6 Qb7 30. R6a3 Qc6 31. Kg1 b5 32. h4 b4 33. h5 0-1

[Event "Sydney International Open"]
[Site "*"]
[Date "2007.04.14"]
[Round "8.31"]
[White "Nakauchi, Gene"]
[Black "Dizdarevic, Mehmedalija"]
[Result "1-0"]
[WhiteElo "1703"]
[BlackElo "2096"]
[PlyCount "101"]

1. d4 Nf6 2. Nf3 g6 3. c4 c5 4. d5 b5 5. e3 Bg7 6. cxb5 a6 7. Nc3 d6 8. Be2 O-O
9. O-O Nbd7 10. Qc2 Qb6 11. Rd1 Ng4 12. Nd2 Ngf6 13. Nc4 Qc7 14. Na3 Nb6 15. e4
Nfd7 16. Be3 Bb7 17. Rac1 Qd8 18. Qd2 Re8 19. bxa6 Bxa6 20. Ncb5 Ne5 21. f4
Ned7 22. Kh1 Nf6 23. Nc3 Bxe2 24. Qxe2 h5 25. Bg1 Na4 26. Nab5 Qb6 27. Nxa4
Rxa4 28. Nc3 Rb4 29. Rc2 Rb8 30. b3 Qa5 31. Re1 Nd7 32. Nb1 c4 33. Nd2 cxb3 34.
Nxb3 Qa4 35. Rc7 Bf6 36. Ra7 Qb5 37. Qxb5 R8xb5 38. Rxd7 Ra4 39. e5 dxe5 40.
fxe5 Bg5 41. Nd4 Rb2 42. Nf3 Bd2 43. Re2 Raxa2 44. Rxd2 Rxd2 45. Nxd2 Rxd2 46.
e6 Kf8 47. h4 Rd1 48. Kh2 fxe6 49. dxe6 Re1 50. Rd8+ Kg7 51. Bd4+ 1-0

[Event "Sydney International Open"]
[Site "*"]
[Date "2007.04.14"]
[Round "8.32"]
[White "Yuen, Jonathan"]
[Black "Moylan, Laura A"]
[Result "0-1"]
[WhiteElo "1670"]
[BlackElo "2092"]
[PlyCount "134"]

1. e4 c5 2. d4 cxd4 3. c3 d3 4. Bxd3 Nc6 5. c4 d6 6. Nc3 g6 7. Nge2 Bg7 8. Be3
Nf6 9. Rc1 O-O 10. f3 e6 11. Bb1 Qe7 12. O-O Rd8 13. Qb3 d5 14. Bg5 Qc5+ 15.
Kh1 dxc4 16. Qb5 Qxb5 17. Nxb5 a6 18. Na3 b5 19. b3 h6 20. Bh4 Ne5 21. bxc4
bxc4 22. Nxc4 Nxc4 23. Rxc4 e5 24. f4 Rd2 25. fxe5 Ng4 26. Rfc1 Be6 27. R4c2
Rxc2 28. Rxc2 Rb8 29. Rc1 Bxe5 30. Bd3 Nxh2 31. Bxa6 Ra8 32. Bc4 Bxc4 33. Rxc4
Rxa2 34. Bg3 Bxg3 35. Nxg3 Ng4 36. Rc1 Ra3 37. Nf1 Nf2+ 38. Kh2 Nxe4 39. Rc4
Nf6 40. Nd2 h5 41. Nf3 Ng4+ 42. Kg3 Ne5 43. Rf4 Nxf3 44. gxf3 Kg7 45. Rb4 g5
46. Kg2 Kg6 47. Rc4 Ra2+ 48. Kh3 h4 49. f4 Ra3+ 50. Kh2 g4 51. Rc5 Rh3+ 52. Kg1
Rg3+ 53. Kh2 f6 54. Ra5 Rf3 55. Ra1 Rxf4 56. Rb1 Rf2+ 57. Kh1 Kg5 58. Kg1 Ra2
59. Kh1 f5 60. Rb4 Ra1+ 61. Kg2 h3+ 62. Kh2 Ra2+ 63. Kh1 g3 64. Rb1 Kg4 65. Re1
f4 66. Rd1 h2 67. Re1 Kh3 0-1

[Event "Sydney International Open"]
[Site "*"]
[Date "2007.04.14"]
[Round "8.33"]
[White "Holland, Dennis"]
[Black "West, Guy"]
[Result "0-1"]
[WhiteElo "1961"]
[BlackElo "2368"]
[PlyCount "44"]

1. d4 Nf6 2. c4 c5 3. e3 g6 4. Nf3 Bg7 5. Be2 O-O 6. Nc3 cxd4 7. exd4 d5 8. Qb3
dxc4 9. Bxc4 e6 10. Bf4 Nc6 11. Nb5 Na5 12. Qa4 Nxc4 13. Qxc4 Bd7 14. Nd6 Bc6
15. O-O Bd5 16. Qb4 Bxf3 17. gxf3 Nd5 18. Qd2 Qh4 19. Be5 Bh6 20. Qc2 Bf4 21.
Bxf4 Nxf4 22. Kh1 Qh3 0-1

[Event "Sydney International Open"]
[Site "*"]
[Date "2007.04.14"]
[Round "8.34"]
[White "Tsagarakis, Angelo"]
[Black "Stojic, Dusan"]
[Result "0-1"]
[WhiteElo "1901"]
[BlackElo "2271"]
[PlyCount "102"]

1. Nf3 c5 2. b3 Nc6 3. Bb2 d6 4. e3 e5 5. d3 g6 6. Be2 Bg7 7. O-O Nge7 8. Nbd2
O-O 9. c3 f5 10. Rc1 d5 11. d4 e4 12. Ne1 cxd4 13. cxd4 Be6 14. f3 exf3 15.
Ndxf3 Nc8 16. Nd3 Nd6 17. Nde5 Nxe5 18. dxe5 Ne4 19. Nd4 Qb6 20. Nxe6 Qxe6 21.
Rc7 Bxe5 22. Re7 Qxe7 23. Qxd5+ Kg7 24. Bxe5+ Nf6 25. Bf3 Rae8 26. Bd4 b6 27.
e4 fxe4 28. Be2 Rd8 29. Qc4 Qd6 30. Rd1 Rc8 31. Qa6 Qe7 32. Rf1 Rc2 33. a4 Rd2
34. Be3 Rd5 35. Qc4 Qd7 36. Qc2 Rc8 37. Bc4 Qd6 38. Qe2 Rh5 39. Bf4 Qe7 40. Be3
Rf5 41. Rd1 Rd8 42. Bd4 e3 43. Rd3 Rxd4 44. Rxd4 Rf2 45. Qe1 Qe5 46. Rh4 Ne4
47. Rh3 Qg5 48. g3 Qe5 49. Bf1 Nd2 50. Bg2 Rxg2+ 51. Kxg2 Qe4+ 0-1

[Event "Sydney International Open"]
[Site "*"]
[Date "2007.04.14"]
[Round "8.35"]
[White "Tredinnick, Malcolm Robert"]
[Black "Dickson, Ian C"]
[Result "1-0"]
[WhiteElo "2205"]
[BlackElo "1923"]
[PlyCount "37"]

1. c4 Nf6 2. Nc3 c5 3. g3 Nc6 4. Bg2 g6 5. Nf3 Bg7 6. O-O O-O 7. d4 cxd4 8.
Nxd4 Nxd4 9. Qxd4 d6 10. Qd3 Rb8 11. c5 dxc5 12. Qxd8 Rxd8 13. Bf4 Ra8 14. Rfd1
Nd7 15. Nd5 e5 16. Be3 Bf8 17. Bg5 Re8 18. Nc7 f6 19. Be3 1-0

[Event "Sydney International Open"]
[Site "*"]
[Date "2007.04.14"]
[Round "8.36"]
[White "Brown, Andrew"]
[Black "Dragicevic, Domagoj"]
[Result "1/2-1/2"]
[WhiteElo "1917"]
[BlackElo "2196"]
[PlyCount "116"]

1. d4 Nf6 2. Nf3 b5 3. Bg5 e6 4. Nbd2 Be7 5. c3 O-O 6. e3 b4 7. Bd3 Bb7 8. O-O
a5 9. Re1 c5 10. e4 d6 11. Qe2 Ba6 12. c4 Bb7 13. Bxf6 Bxf6 14. e5 dxe5 15.
dxe5 Be7 16. Ne4 Nd7 17. Rad1 Qc7 18. Bc2 Rfd8 19. Nd6 Bc6 20. h4 Bxf3 21. gxf3
Nf8 22. Nb5 Qb6 23. Be4 Rxd1 24. Rxd1 Rd8 25. h5 Bg5 26. Rd6 Rxd6 27. exd6 f5
28. Bc2 Bf4 29. Qd1 Qd8 30. Kf1 Kf7 31. Ba4 Nd7 32. Nc7 Nf6 33. Nb5 Qd7 34. Qe2
Nxh5 35. Nc7 Qxd6 36. Be8+ Kf6 37. Nb5 Qd2 38. Qxd2 Bxd2 39. Bxh5 g6 40. Bxg6
hxg6 41. Nd6 Ke5 42. Nb7 Kd4 43. Nxa5 Bf4 44. Ke2 Bc7 45. Nc6+ Kxc4 46. Kd2
Bf4+ 47. Kc2 g5 48. b3+ Kb5 49. Nd8 e5 50. Kd3 Bh2 51. Nf7 Bf4 52. Nd6+ Kc6 53.
Nxf5 Kd5 54. Ng3 Bc1 55. Ne4 Bf4 56. Nf6+ Ke6 57. Nh5 Kd5 58. Ng7 Bh2 1/2-1/2

[Event "Sydney International Open"]
[Site "*"]
[Date "2007.04.14"]
[Round "8.37"]
[White "Dowden, Tony"]
[Black "Voon, Richard"]
[Result "1-0"]
[WhiteElo "2190"]
[BlackElo "2023"]
[PlyCount "143"]

1. c4 Nf6 2. g3 c5 3. Bg2 Nc6 4. Nc3 g6 5. a3 Bg7 6. Rb1 O-O 7. b4 d6 8. b5 Ne5
9. d3 Rb8 10. Bd2 Bg4 11. f3 Be6 12. f4 Ned7 13. e4 Nb6 14. h3 Bd7 15. Nge2 Qc8
16. a4 Na8 17. g4 Kh8 18. Ng3 Ng8 19. Nce2 e6 20. Bc3 Qd8 21. Bxg7+ Kxg7 22.
Qd2 Nb6 23. a5 Nc8 24. g5 h5 25. h4 Nce7 26. Bf3 f6 27. gxf6+ Nxf6 28. e5 Ne8
29. exd6 Nxd6 30. Rg1 Kh7 31. Qc3 Nef5 32. Ne4 Nxe4 33. dxe4 Nxh4 34. Bxh5 Qf6
35. Qxf6 Rxf6 36. Rd1 Rf7 37. Bg4 Kg7 38. Rd3 Rh8 39. Kd1 Kf8 40. Kc2 Ke7 41.
Rgd1 Bc8 42. Rg3 Kf6 43. b6 axb6 44. axb6 Bd7 45. Ra1 Bc6 46. e5+ Kg7 47. Bxe6
Re7 48. Bd5 Nf5 49. Rd3 Rh2 50. Re1 Nd4+ 51. Kd2 Bd7 52. Rg3 Bh3 53. Be4 Re6
54. Ke3 Nf5+ 55. Bxf5 Bxf5 56. Kd2 Rxb6 57. Kc3 Rb4 58. Nd4 cxd4+ 59. Kxb4 d3
60. Rd1 Rb2+ 61. Kc5 Rb3 62. Kd5 Kf7 63. Re3 Ke7 64. Rd2 b5 65. c5 Rc3 66. Re1
b4 67. Ra2 b3 68. Ra7+ Ke8 69. Rh1 Bd7 70. e6 d2 71. exd7+ Ke7 72. d8=Q+ 1-0

[Event "Sydney International Open"]
[Site "*"]
[Date "2007.04.14"]
[Round "8.38"]
[White "Munoz, Contreras Nelson"]
[Black "Smith, Vivian"]
[Result "1-0"]
[WhiteElo "2117"]
[BlackElo "1742"]
[PlyCount "57"]

1. d4 Nf6 2. Bg5 g6 3. Bxf6 exf6 4. e3 f5 5. h4 h5 6. c4 Bg7 7. Nc3 d6 8. Nf3
O-O 9. Be2 Re8 10. Qb3 Nd7 11. Ng5 c6 12. O-O-O Nf6 13. Bf3 Bh6 14. d5 c5 15.
Rde1 Bxg5 16. hxg5 Nh7 17. Bxh5 Qxg5 18. f4 Qd8 19. Bf3 Nf6 20. g3 Bd7 21. e4
fxe4 22. Nxe4 Bf5 23. Qc3 Bxe4 24. Bxe4 Rb8 25. g4 Kf8 26. Bf3 Nd7 27. g5 f6
28. Bg4 fxg5 29. Be6 1-0

[Event "Sydney International Open"]
[Site "*"]
[Date "2007.04.14"]
[Round "8.39"]
[White "Hornsgaard, Jens Boe"]
[Black "Schon, Eugene"]
[Result "0-1"]
[WhiteElo "2076"]
[BlackElo "1914"]
[PlyCount "56"]

1. e4 e6 2. d4 d5 3. Nd2 c5 4. exd5 Qxd5 5. Ngf3 cxd4 6. Bc4 Qd6 7. O-O Nf6 8.
Nb3 Nc6 9. Nbxd4 Nxd4 10. Nxd4 a6 11. Bb3 Qc7 12. Re1 Bd6 13. h3 O-O 14. c3 b6
15. Bg5 Nd7 16. Nxe6 fxe6 17. Rxe6 Bh2+ 18. Kh1 Kh8 19. Bd5 Rb8 20. g3 Bxg3 21.
fxg3 Qxg3 22. Qh5 Rf2 23. Re8+ Nf8 24. Rxf8+ Rxf8 25. Be7 g6 26. Rg1 Qxg1+ 27.
Kxg1 gxh5 28. Bxf8 Be6 0-1

[Event "Sydney International Open"]
[Site "*"]
[Date "2007.04.14"]
[Round "8.40"]
[White "Milligan, Helen"]
[Black "Lo, Anthony"]
[Result "0-1"]
[WhiteElo "2041"]
[BlackElo "1676"]
[PlyCount "87"]

1. e4 e5 2. Nf3 Nc6 3. Bb5 f5 4. d3 fxe4 5. dxe4 d6 6. Nc3 Bg4 7. h3 Bh5 8. Be3
Nf6 9. Qe2 Be7 10. O-O-O a6 11. Bc4 h6 12. Rhg1 Bg6 13. Nh4 Bf7 14. Bxf7+ Kxf7
15. Qc4+ Ke8 16. Ng6 Rg8 17. Nd5 Kd7 18. Ndxe7 Nxe7 19. Nxe5+ Kc8 20. Nf7 Qf8
21. Rxd6 Nc6 22. Rd2 Nxe4 23. Qxe4 Qxf7 24. Kb1 Re8 25. Qg4+ Kb8 26. Rgd1 b6
27. Rd7 Qf6 28. Qxg7 Qe6 29. Rxc7 Re7 30. Rxe7 Nxe7 31. Qxh6 Ng6 32. Rd8+ Kb7
33. Qg7+ Ne7 34. Rxa8 Kxa8 35. Qd4 Nd5 36. a3 a5 37. h4 Nxe3 38. Qxe3 Qd6 39.
Qf3+ Ka7 40. h5 Qe5 41. Qf7+ Kb8 42. h6 Qe1+ 43. Ka2 a4 44. h7 0-1

[Event "Sydney International Open"]
[Site "*"]
[Date "2007.04.14"]
[Round "8.41"]
[White "Karenlampi, Pirkka"]
[Black "Wu, Edwin"]
[Result "1-0"]
[WhiteElo "2021"]
[BlackElo "1875"]
[PlyCount "61"]

1. e4 c5 2. Nf3 d6 3. d4 cxd4 4. Nxd4 Nf6 5. Nc3 g6 6. Be3 Bg7 7. f3 O-O 8. Qd2
Nc6 9. O-O-O Bd7 10. g4 h5 11. gxh5 Nxh5 12. Kb1 Ne5 13. Bh6 Rc8 14. Bxg7 Kxg7
15. Be2 Nc4 16. Bxc4 Rxc4 17. Nf5+ Bxf5 18. exf5 Rf4 19. fxg6 fxg6 20. Rhg1 Qe8
21. Qd5 R8f5 22. Qxb7 Rxf3 23. Nd5 Rf7 24. Qxa7 e6 25. Qd4+ Kh7 26. Qe4 R7f5
27. Nc7 Qb8 28. Nxe6 Nf6 29. Ng5+ Kh6 30. Qh4+ Kg7 31. Nxf3 1-0

[Event "Sydney International Open"]
[Site "*"]
[Date "2007.04.14"]
[Round "8.42"]
[White "Tenorio, Leonardo"]
[Black "Ilic, Ilija"]
[Result "1-0"]
[WhiteElo "1861"]
[BlackElo "2170"]
[PlyCount "81"]

1. e4 d6 2. d4 Nf6 3. Nc3 g6 4. Bc4 Bg7 5. h3 O-O 6. Nf3 e6 7. O-O Nxe4 8. Nxe4
d5 9. Bxd5 exd5 10. Ng3 Nc6 11. c3 Ne7 12. Bg5 f6 13. Be3 Nf5 14. Nxf5 Bxf5 15.
Qb3 b6 16. Rac1 Re8 17. Rfe1 Be6 18. Qb5 Qd6 19. b3 a5 20. Qd3 Rad8 21. Qd2 g5
22. c4 Qd7 23. c5 Bf5 24. Rc3 Bf8 25. a3 Be4 26. Nh2 bxc5 27. Qd1 Bg7 28. Rxc5
Ra8 29. Qd2 Reb8 30. Rec1 c6 31. Rxc6 Rxb3 32. Rc7 Qb5 33. Bxg5 Rd3 34. Qf4 Rf8
35. Rxg7+ Kxg7 36. Bh6+ Kf7 37. Bxf8 Qb6 38. Qh6 Bg6 39. Qg7+ Ke6 40. Qe7+ Kf5
41. Qd7+ 1-0

[Event "Sydney International Open"]
[Site "*"]
[Date "2007.04.14"]
[Round "8.43"]
[White "Chan, Jason"]
[Black "Tankel, Alan"]
[Result "1-0"]
[WhiteElo "2099"]
[BlackElo "1780"]
[PlyCount "73"]

1. e4 c5 2. Nf3 e6 3. d3 Nc6 4. g3 g6 5. Bg2 Bg7 6. O-O Nge7 7. Re1 O-O 8. c3
e5 9. Nbd2 d6 10. a3 a5 11. a4 h6 12. Nc4 b6 13. Na3 f5 14. Nb5 Rb8 15. Nd2 d5
16. exd5 Nxd5 17. Nc4 Nde7 18. Qb3 Be6 19. f4 Qxd3 20. Bf1 Qd7 21. fxe5 Nxe5
22. Rxe5 Bxe5 23. Nxe5 Qd5 24. Qxd5 Nxd5 25. Bc4 g5 26. Bxd5 Bxd5 27. Nd7 Rbe8
28. Nxf8 Kxf8 29. Kf2 Bc6 30. Be3 Re6 31. Rd1 Ke7 32. c4 Bxb5 33. axb5 Re4 34.
b3 Ke6 35. Rd8 Ke7 36. Rb8 Re6 37. Rxb6 1-0